000 00620cam a2200169 i 4500
005 20251230092011.0
008 250721s1995 xx gr 000 0 ara d
082 1 4 _a218,61
_bز ي د
100 1 _aأبو زيد، نصر حامد
_eمؤلف.
245 1 2 _aالتفكير في زمن التكفير ضد الجهل و الزيف و الخرافة /
_cد.نصر حامد ابوزيد
250 _aالطبعه الثانيه.
264 1 _aالقاهرة :
_bسينا للنشر،
_c1995.
300 _a400 صفحه
650 1 7 _aدفع المطاعن عن الإسلام.
942 _2ddc
_cBK
999 _c5073
_d5073